[Event "EU-Cup 29th"]
[Site "Rhodes"]
[Date "2013.10.23"]
[Round "4.5"]
[White "Coenen, Norbert"]
[Black "Meylan, Pierre"]
[Result "1/2-1/2"]
[WhiteElo "2316"]
[BlackElo "2060"]
[PlyCount "113"]
[EventDate "2013.10.20"]
[EventType "team-swiss"]
[EventRounds "7"]
[EventCountry "GRE"]
[SourceTitle "CBM 157"]
[Source "ChessBase"]
[SourceDate "2013.11.12"]
[SourceVersion "1"]
[SourceVersionDate "2013.11.12"]
[SourceQuality "1"]
[WhiteTeam "Eynatten"]
[BlackTeam "Monte Carlo"]
[WhiteTeamCountry "BEL"]
[BlackTeamCountry "MNC"]

1. e4 c6 2. d4 d5 3. Nc3 dxe4 4. Nxe4 Nf6 5. Nxf6+ gxf6 6. Nf3 Bf5 7. Bd3 Bg6 8. Bf4 e6 9. Qd2 Bd6 10. Bg3 Qc7 11. 0-0-0 Nd7 12. Bxd6 Qxd6 13. Qa5 Nb6 14. Rhe1 0-0-0 15. h4 Qd5 16. Qxd5 Rxd5 17. b3 Bh5 18. Be2 Rg8 19. g3 Kc7 20. Ng1 Bxe2 21. Rxe2 Rgd8 22. Red2 Rf5 23. Nh3 Nd5 24. Kb2 b5 25. c3 Nb6 26. Kc2 a5 27. Rd3 Rfd5 28. Rf3 Nd7 29. Nf4 Rd6 30. Nd3 Rg8 31. Nb2 Rg4 32. a4 f5 33. axb5 cxb5 34. Nd3 Re4 35. Nf4 Nf6 36. Rfd3 Nd5 37. Nxd5+ Rxd5 38. R1d2 Re1 39. Re3 Ra1 40. Kb2 Rf1 41. c4 bxc4 42. bxc4 Rd6 43. Ra3 Rb6+ 44. Kc3 Rc1+ 45. Rc2 Rxc2+ 46. Kxc2 Rb4 47. Rxa5 Rxc4+ 48. Kd3 Rb4 49. Ra8 Kd6 50. Ra7 Rb3+ 51. Kc4 Rb2 52. Rxf7 Rxf2 53. Rxh7 Rc2+ 54. Kd3 Ra2 55. Ke3 Ra3+ 56. Kf4 Rd3 57. h5 1/2-1/2

[Event "EU-Cup 29th"]
[Site "Rhodes"]
[Date "2013.10.20"]
[Round "1.5"]
[White "Sonntag, Hans Hubert"]
[Black "Meylan, Pierre"]
[Result "1-0"]
[WhiteElo "2377"]
[BlackElo "2060"]
[PlyCount "67"]
[EventDate "2013.10.20"]
[EventType "team-swiss"]
[EventRounds "7"]
[EventCountry "GRE"]
[SourceTitle "CBM 157"]
[Source "ChessBase"]
[SourceDate "2013.11.12"]
[SourceVersion "1"]
[SourceVersionDate "2013.11.12"]
[SourceQuality "1"]
[WhiteTeam "Wirtzfeld"]
[BlackTeam "Monte Carlo"]
[WhiteTeamCountry "BEL"]
[BlackTeamCountry "MNC"]

1. d4 Nf6 2. c4 c5 3. d5 e6 4. Nc3 exd5 5. cxd5 d6 6. e4 g6 7. h3 Bg7 8. Nf3 0-0 9. Bd3 Bd7 10. 0-0 Na6 11. Re1 Re8 12. Bf4 Qe7 13. Bh2 Nc7 14. a4 a6 15. Bf1 Qf8 16. e5 dxe5 17. Bxe5 Rac8 18. Qb3 b5 19. axb5 axb5 20. d6 c4 21. Qd1 Ne6 22. Ra7 Nc5 23. Qd4 Nb3 24. Qh4 Rxe5 25. Nxe5 Qxd6 26. Nxd7 Nxd7 27. Nxb5 Qc6 28. Qxc4 Qxc4 29. Bxc4 Rxc4 30. Rxd7 Bxb2 31. Nd6 Rf4 32. g3 Rf6 33. Rb1 Ba3 34. Rd8+ 1-0